Má cena pozemkov vplyv na vlastnícke práva k pozemkom? bakalárska práca

Saved in:
Bibliographic Details
Main Author: Páleník, Juraj
Corporate Authors: Ekonomická univerzita v Bratislave. Národohospodárska fakulta, Univerzita Komenského v Bratislave. Právnická fakulta
Other Authors: Vrabko, Marián
Format: Book
Language:Slovak
Published: Bratislava 2023
Tags: Add Tag
No Tags, Be the first to tag this record!

MARC

LEADER 00000nbm a2200000 4500
001 0295903
005 20231208130800.4
041 0 |a slo 
044 |a SK 
245 1 0 |a Má cena pozemkov vplyv na vlastnícke práva k pozemkom?  |b bakalárska práca  |c Juraj Páleník ; školiteľ: Marián Vrabko 
264 1 |a Bratislava  |c 2023 
300 |a 64 s. 
100 1 |a Páleník, Juraj 
700 1 |a Vrabko, Marián 
710 2 |a Ekonomická univerzita v Bratislave. Národohospodárska fakulta 
710 2 |a Univerzita Komenského v Bratislave. Právnická fakulta